Ekonomika i organizacija promyšlennogo proizvodstva

Salvato in:
Dettagli Bibliografici
Natura: Periodico
Lingua:russo
Pubblicazione: Novosibirsk Nauka
Tags: Aggiungi Tag
Nessun Tag, puoi essere il primo ad aggiungerne!!

MARC

LEADER 00000nas1a22000001 4500
001 s120484
005 20041019155345.9
041 0 |a rus 
044 |a RU 
245 1 0 |a Ekonomika i organizacija promyšlennogo proizvodstva 
264 1 |a Novosibirsk  |b Nauka